[Event "Amber Blindfold"]
[Site "Monaco MNC"]
[Date "2005.03.27"]
[Round "8"]
[White "Topalov, Veselin"]
[Black "Bareev, Evgeny"]
[Result "1/2-1/2"]
[WhiteElo "2757"]
[BlackElo "2709"]
[EventDate "2005.03.19"]

1.d4 d5 2.c4 c6 3.Cc3 Cf6 4.e3 e6 5.Cf3 Cbd7 6.Dc2 Fd6 7.g4 h6 8.Tg1 a6 9.
h4 dxc4 10.Fxc4 b5 11.Fe2 c5 12.g5 hxg5 13.hxg5 Cd5 14.g6 f6 15.De4 C7b6 
16.Cxd5 Cxd5 17.dxc5 Fxc5 18.Fd2 Db6 19.Tc1 Fd7 20.b4 Fe7 21.Cd4 Tc8 22.
Txc8+ Fxc8 23.Th1 Txh1+ 24.Dxh1 Ff8 25.Dh8 Ce7 26.Fd1 e5 27.Fb3 Cxg6 28.
Dh5 exd4 29.Dxg6+ Rd8 30.Df7 Dd6 31.exd4 g5 32.a3 De7+ 33.Dxe7+ Rxe7 34.
Fe3 Rd6 35.f4 g4 36.Rf2 f5 37.d5 Fg7 38.Fc5+ Rc7 39.a4 Fd7 40.axb5 axb5 
41.Fc2 Fc3 42.Re2 Rb7 43.Fd3 Ff6 44.Re3 Fd8 45.Ff1 Ff6 46.Fg2 Fb2 47.Rd2 
Rc8 48.d6 Ff6 49.Fd5 Fb2 50.Rd3 Rb8 51.Fd4 Fc1 52.Fe5 Ra7 53.Re2 Rb8 54.
Rd1 Fe3 55.Re2 Fc1 56.Re1 Fe3 57.Rd1 Rc8 58.Re2 Fc1 59.Rd3 Rb8 60.Rc2 Fe3 
61.Rd3 Fc1 62.Fg2 Rc8 63.Rc2 Fe3 64.Rd3 Fc1 65.Rc2 1/2-1/2

[Event "Amber Rapid"]
[Site "Monaco MNC"]
[Date "2005.03.22"]
[Round "4"]
[White "Ivanchuk, Vassily"]
[Black "Topalov, Veselin"]
[Result "1-0"]
[WhiteElo "2711"]
[BlackElo "2757"]
[EventDate "2005.03.19"]

1.d4 Cf6 2.c4 e6 3.g3 c5 4.Cf3 cxd4 5.Cxd4 d5 6.Fg2 e5 7.Cf3 d4 8.O-O Cc6 
9.e3 Fe7 10.exd4 exd4 11.Ff4 Fe6 12.Cbd2 O-O 13.Te1 Db6 14.Db3 Cd7 15.Ce4 
h6 16.Tad1 Fb4 17.Fd2 a5 18.a3 Fxd2 19.Cfxd2 Dc7 20.Cf3 a4 21.Dc2 Fg4 22.
h3 Fxf3 23.Fxf3 Cce5 24.Fg2 f5 25.Cd2 d3 26.Dc3 f4 27.g4 Tae8 28.Ce4 b6 
29.Dd4 Rh8 30.Cd6 Td8 31.Cb5 Db8 32.Fd5 Tde8 33.Fh1 Tf6 34.Cc3 Cc5 35.Cd5 
Dd6 36.Dc3 Tff8 37.Db4 Tb8 38.Dc3 Tbe8 39.Db4 Tb8 40.Dc3 Ced7 41.Te7 Cf6 
42.Tde1 Tbd8 43.Ff3 Td7 44.Txd7 Cfxd7 45.Te7 Cf6 46.Dd4 d2 47.Dxd2 Cxd5 
48.Te2 Df6 49.cxd5 Cb3 50.Dc3 Cd4 51.Td2 Cb5 52.Db4 Cd6 53.Te2 Td8 54.Te6 
Df8 55.Dxb6 1-0

[Event "Amber Rapid"]
[Site "Monaco MNC"]
[Date "2005.03.24"]
[Round "5"]
[White "Topalov, Veselin"]
[Black "Shirov, Alexei"]
[Result "1-0"]
[WhiteElo "2757"]
[BlackElo "2713"]
[EventDate "2005.03.19"]

1.d4 d5 2.c4 c6 3.Cf3 Cf6 4.Cc3 a6 5.c5 Cbd7 6.Ff4 Ch5 7.Fd2 Chf6 8.Dc2 g6
9.h3 Fg7 10.Ff4 O-O 11.e3 Ce8 12.Fe2 Cc7 13.O-O e5 14.dxe5 Ce6 15.b4 a5 
16.b5 Cdxc5 17.Fg3 Fd7 18.Tfd1 Tc8 19.bxc6 Fxc6 20.Tac1 Dd7 21.Db1 Tfd8 
22.Fh4 Te8 23.Db6 Ca4 24.Dxa5 Ta8 25.Db4 Cxc3 26.Dxc3 Txa2 27.Fc4 Ta4 28.
Fb3 Te4 29.Fg3 Ff8 30.Dd2 Fb4 31.Da2 Td8 32.Fh4 g5 33.Fxg5 Cxg5 34.Cxg5 
Txe5 35.Cf3 Tf5 36.Td4 Fe7 37.Tg4+ Rh8 38.Fc2 Th5 39.Db2+ f6 40.Td1 Tg8 
41.Tdd4 Dd6 42.Txg8+ Rxg8 43.Tg4+ Rf7 44.Db1 Fd7 45.Tf4 Rg7 46.Dxb7 Dc6 
47.Dxc6 Fxc6 48.Cd4 Fd7 49.Ff5 Fe8 50.Tg4+ Rh8 51.Fe6 Fg6 52.Ce2 Te5 53.
Cf4 d4 54.Txg6 hxg6 55.Cxg6+ Rg7 56.Cxe5 fxe5 57.exd4 exd4 58.Fc4 1-0

[Event "Amber Rapid"]
[Site "Monaco MNC"]
[Date "2005.03.25"]
[Round "6"]
[White "Leko, Peter"]
[Black "Topalov, Veselin"]
[Result "1-0"]
[WhiteElo "2749"]
[BlackElo "2757"]
[EventDate "2005.03.19"]

1.e4 e5 2.Cf3 Cc6 3.Fb5 a6 4.Fa4 Cf6 5.O-O b5 6.Fb3 Fc5 7.a4 Tb8 8.c3 d6 
9.d4 Fb6 10.Ca3 O-O 11.axb5 axb5 12.Cxb5 exd4 13.cxd4 Fg4 14.Fa4 Fxf3 15.
gxf3 d5 16.e5 Ch5 17.Rh1 f6 18.f4 g6 19.Tg1 Cg7 20.Fe3 Ce7 21.Cc3 Fa5 22.
Fc2 c6 23.Ta2 Rh8 24.Ce2 Fb4 25.Cg3 Dd7 26.Dd3 Dg4 27.De2 Dh4 28.Ta7 f5 
29.Df3 Ce6 30.Ce2 Cc8 31.Ta6 Cb6 32.Fd3 De7 33.Tc1 Tfc8 34.Taa1 Tc7 35.Tc2
Cc8 36.Tac1 Ca7 37.Cg3 Df8 38.h4 Fa5 39.h5 Tb4 40.Rg2 Txd4 41.Fxd4 Cxd4 
42.De3 Ce6 43.hxg6 hxg6 44.Th1+ Rg8 45.Ce2 c5 46.Tcc1 Cc6 47.Th4 Tg7 48.
Tch1 Rf7 49.Th8 De7 50.Fb5 Db7 51.Fxc6 Dxc6 52.Df3 Tg8 53.Txg8 Rxg8 54.Td1
Cc7 55.Cc3 Fxc3 56.bxc3 c4 57.Rg3 Rg7 58.De3 Da4 59.Tb1 Ce6 60.Tb7+ Rf8 
61.Db6 1-0

[Event "Amber Rapid"]
[Site "Monaco MNC"]
[Date "2005.03.26"]
[Round "7"]
[White "Topalov, Veselin"]
[Black "Morozevich, Alexander"]
[Result "0-1"]
[WhiteElo "2757"]
[BlackElo "2741"]
[EventDate "2005.03.19"]

1.d4 d5 2.c4 e5 3.dxe5 d4 4.Cf3 Cc6 5.a3 Cge7 6.b4 Cg6 7.Fb2 a5 8.b5 Ccxe5
9.Cxe5 Cxe5 10.e3 Fe6 11.Fxd4 Cxc4 12.Dc2 Cd6 13.Fd3 Dg5 14.f4 Dh4+ 15.g3 
Dh5 16.Cc3 Cf5 17.O-O O-O-O 18.Fa7 Dg4 19.Ce4 Td7 20.Tfd1 Df3 21.Cg5 Cxe3 
22.Cxf3 Cxc2 23.Fxc2 b6 24.Ce5 Txd1+ 25.Txd1 Fxa3 26.f5 Fa2 27.Ta1 Fc5+ 
28.Rf1 Te8 29.Te1 f6 30.Cd3 Txe1+ 31.Rxe1 Fd6 32.Cc1 Fd5 33.Fb3 Fe4 34.
Fxb6 cxb6 35.Fe6+ Rc7 36.Re2 Fe5 37.Cd3 Rd6 38.Re3 Fd5 0-1

[Event "Amber Rapid"]
[Site "Monaco MNC"]
[Date "2005.03.27"]
[Round "8"]
[White "Bareev, Evgeny"]
[Black "Topalov, Veselin"]
[Result "0-1"]
[WhiteElo "2709"]
[BlackElo "2757"]
[EventDate "2005.03.19"]

1.d4 Cf6 2.c4 e6 3.Cc3 Fb4 4.Dc2 d5 5.cxd5 c5 6.Fg5 Dxd5 7.Fxf6 gxf6 8.
dxc5 Dxc5 9.Tc1 Cc6 10.Cf3 Fd7 11.g3 Fxc3+ 12.Dxc3 Dxc3+ 13.Txc3 Re7 14.
Fg2 Tac8 15.O-O Cb4 16.Tb3 a5 17.a3 Fa4 18.Te3 Cd5 19.Te4 Fc2 20.Th4 Thd8 
21.Ta1 Fg6 22.Ce1 b5 23.Ff1 Cb6 24.e3 Td5 25.b4 a4 26.e4 Td4 27.Fxb5 Txe4 
28.Txe4 Fxe4 29.Cd3 Fxd3 30.Fxd3 Tc3 31.Fb5 e5 32.Rf1 f5 33.Re1 e4 34.Fe2 
Rd6 35.Rd2 Tb3 36.Ta2 h6 37.Fd1 Td3+ 38.Re1 Re5 39.Re2 Cd5 40.Ta1 Cc3+ 41.
Re1 Cxd1 42.Txd1 Txa3 43.b5 Tb3 44.Ta1 a3 45.Rd2 Rd5 46.Rc2 Tf3 47.Tb1 Rc5
48.b6 Txf2+ 49.Rc3 a2 0-1

[Event "Amber Blindfold"]
[Site "Monaco MNC"]
[Date "2005.03.29"]
[Round "9"]
[White "Gelfand, Boris"]
[Black "Topalov, Veselin"]
[Result "1/2-1/2"]
[WhiteElo "2696"]
[BlackElo "2757"]
[EventDate "2005.03.19"]

1.Cf3 d5 2.d4 Cf6 3.c4 e6 4.Cc3 dxc4 5.e4 Fb4 6.Fg5 c5 7.Fxc4 cxd4 8.Cxd4 
Fxc3+ 9.bxc3 Da5 10.Fb5+ Fd7 11.Fxf6 gxf6 12.Fxd7+ Cxd7 13.O-O a6 14.Tb1 
Dc7 15.Dd2 h5 16.f4 Tc8 17.Tf3 b5 18.Te1 Cb6 19.Df2 h4 20.Th3 Ca4 21.Txh4 
Tg8 22.Th7 Dxc3 23.e5 f5 24.Cf3 Cc5 25.Td1 Ce4 26.Da7 Dc5+ 27.Dxc5 Txc5 
28.h4 Tc2 29.Cg5 b4 30.Td4 a5 31.Rh2 Cxg5 32.fxg5 Tc6 33.g6 fxg6 34.Tdd7 
Th8 35.The7+ Rf8 36.Tf7+ Re8 37.g3 g5 38.Tfe7+ Rf8 39.Tf7+ Re8 1/2-1/2

[Event "Amber Blindfold"]
[Site "Monaco MNC"]
[Date "2005.03.30"]
[Round "10"]
[White "Topalov, Veselin"]
[Black "Van Wely, Loek"]
[Result "1-0"]
[WhiteElo "2757"]
[BlackElo "2679"]
[EventDate "2005.03.19"]

1.Cf3 c5 2.c4 Cf6 3.g3 b6 4.Fg2 Fb7 5.O-O g6 6.d4 cxd4 7.Dxd4 Fg7 8.Cc3 d6
9.Td1 Cbd7 10.Fe3 Tc8 11.Tac1 O-O 12.Dh4 a6 13.b3 Tc7 14.Fh3 Db8 15.Fh6 
Fxh6 16.Dxh6 Fxf3 17.exf3 b5 18.Fxd7 Txd7 19.Td4 e6 20.Tf4 Ch5 21.Th4 d5 
22.cxd5 exd5 23.Ce2 Tc8 24.Td1 De5 25.Cd4 Tdc7 26.Rg2 Tc3 27.Dd2 b4 28.Te1
Df6 29.Dh6 Dg7 30.Dg5 Df6 31.Txh5 Dxd4 32.Th4 Dg7 33.Dxd5 Df8 34.Te2 Tc2 
35.The4 Txe2 36.Txe2 Dc5 37.Te5 Dxd5 38.Txd5 f5 39.g4 f4 40.h4 h6 41.Td6 
Rg7 42.Txa6 g5 43.Ta7+ Rf6 44.h5 Tc6 45.Tb7 Ta6 46.Txb4 Txa2 47.Tb7 Ta6 
48.Th7 Re5 49.Tg7 Tb6 50.Tg6 Txb3 51.Txh6 Tb5 52.Tg6 Rd4 53.h6 1-0

[Event "Amber Blindfold"]
[Site "Monaco MNC"]
[Date "2005.03.31"]
[Round "11"]
[White "Svidler, Peter"]
[Black "Topalov, Veselin"]
[Result "0-1"]
[WhiteElo "2735"]
[BlackElo "2757"]
[EventDate "2005.03.19"]

1.e4 e5 2.Cf3 Cc6 3.Fb5 Cf6 4.d3 d6 5.c3 g6 6.Cbd2 Fg7 7.Cf1 O-O 8.Fg5 h6 
9.Fh4 Ce7 10.Ce3 c6 11.Fa4 Dc7 12.Fb3 a5 13.O-O Fd7 14.d4 exd4 15.Dxd4 Ch5
16.Dd1 Tae8 17.Cd4 Ff6 18.Fg3 Cxg3 19.hxg3 c5 20.Ce2 Fc6 21.f3 b5 22.a4 c4
23.axb5 Fxb5 24.Fc2 Db6 25.Cd4 d5 26.exd5 Td8 27.Fe4 Fxd4 28.Dxd4 Dxd4 29.
cxd4 a4 30.f4 Tfe8 31.Tfe1 Rg7 32.Ff3 h5 33.Rf2 Tb8 34.g4 hxg4 35.Fxg4 
Ted8 36.Ff3 Cc8 37.g4 Cd6 38.g5 Fd7 39.Ta2 Tb3 40.Fd1 Tb4 41.Fc2 Th8 42.
Rg2 Thb8 43.Cd1 Fg4 44.Fxa4 Cf5 45.Fd7 Fxd1 46.Fxf5 Txb2+ 47.Rg3 Txa2 0-1

[Event "Amber Rapid"]
[Site "Monaco MNC"]
[Date "2005.03.29"]
[Round "9"]
[White "Topalov, Veselin"]
[Black "Gelfand, Boris"]
[Result "1/2-1/2"]
[WhiteElo "2757"]
[BlackElo "2696"]
[EventDate "2005.03.19"]

1.d4 d5 2.c4 c6 3.Cc3 Cf6 4.Cf3 dxc4 5.a4 Ff5 6.Ce5 Cbd7 7.Cxc4 Cb6 8.Ce5 
a5 9.e3 h6 10.Fd3 Fxd3 11.Cxd3 Cbd5 12.Db3 Db6 13.Dxb6 Cxb6 14.f3 Cfd5 15.
Cxd5 cxd5 16.b3 e6 17.Re2 Fd6 18.Fd2 f5 19.Tac1 Re7 20.h3 Cd7 21.Tc2 g5 
22.Thc1 Thb8 23.h4 gxh4 24.Fe1 h3 25.gxh3 Tg8 26.Fh4+ Rf7 27.Rf2 Tab8 28.
f4 Rg6 29.Rf3 Rh5 30.Fe1 Ta8 31.Ce5 Cf6 32.Cf7 Fa3 33.Ta1 Fb4 34.Fxb4 axb4
35.Cd6 Tg7 36.Tg2 Txg2 37.Rxg2 Tg8+ 38.Rh2 Ce4 39.Cxb7 Cd2 40.a5 Cxb3 41.
Tg1 Ta8 42.Tb1 Cxa5 43.Ta1 b3 44.Cxa5 b2 45.Tb1 Txa5 46.Txb2 Ta3 47.Te2 
Rh4 48.Rg2 Tb3 49.Rf3 Tb1 50.Tg2 Rh5 1/2-1/2

[Event "Amber Rapid"]
[Site "Monaco MNC"]
[Date "2005.03.30"]
[Round "10"]
[White "Van Wely, Loek"]
[Black "Topalov, Veselin"]
[Result "1/2-1/2"]
[WhiteElo "2679"]
[BlackElo "2757"]
[EventDate "2005.03.19"]

1.Cf3 d5 2.d4 Cf6 3.c4 e6 4.Cc3 dxc4 5.e4 Fb4 6.Fg5 c5 7.e5 cxd4 8.Cxd4 
Da5 9.exf6 Fxc3+ 10.bxc3 Dxg5 11.fxg7 Dxg7 12.Dd2 O-O 13.Fxc4 Td8 14.De3 
Fd7 15.O-O Cc6 16.Cf3 Ce7 17.Ce5 Fc6 18.Cxc6 Cxc6 19.Fd3 Ce7 20.Fe4 Cd5 
21.Fxd5 Txd5 22.Tad1 De5 23.Df3 Tad8 24.Txd5 Txd5 25.c4 Td2 26.a4 Ta2 27.
Dxb7 Txa4 28.Db3 Ta1 29.g3 Txf1+ 1/2-1/2

[Event "Amber Rapid"]
[Site "Monaco MNC"]
[Date "2005.03.31"]
[Round "11"]
[White "Topalov, Veselin"]
[Black "Svidler, Peter"]
[Result "1-0"]
[WhiteElo "2757"]
[BlackElo "2735"]
[EventDate "2005.03.19"]

1.c4 Cf6 2.g3 e5 3.Fg2 c6 4.d4 exd4 5.Dxd4 d5 6.Cf3 Fe7 7.cxd5 cxd5 8.O-O 
Cc6 9.Da4 O-O 10.Fe3 Ce4 11.Td1 Ff6 12.Da3 Te8 13.Cbd2 Cd6 14.Fc5 Cb5 15.
Dd3 Cc7 16.Fa3 g6 17.Tac1 Ff5 18.Db3 Tb8 19.e3 Dd7 20.Fb4 Cxb4 21.Dxb4 Db5
22.Dxb5 Cxb5 23.Tc5 a6 24.a4 Ca7 25.Cd4 Fxd4 26.exd4 Cc6 27.Fxd5 Cxd4 28.
Cf1 Ce6 29.Tcc1 Fg4 30.f3 Fh3 31.Ce3 b6 32.Rf2 h5 33.Tc6 Rg7 34.Cc4 b5 35.
Cd6 Te7 36.a5 Tc7 37.Tdc1 Td7 38.Fxe6 Fxe6 39.Txa6 Tbd8 40.Tcc6 Fd5 41.
Tcb6 b4 42.f4 Rf8 43.f5 gxf5 44.Re3 Fg2 45.Cxf5 Td5 46.Rf4 Fh3 47.Tf6 Fxf5
48.Txf5 Txf5+ 49.Rxf5 Td2 50.b3 Tb2 51.Rf6 Tf2+ 52.Rg5 Tb2 53.Rf6 Tf2+ 54.
Re5 Tb2 55.Rd4 Txb3 56.Rc5 Tb1 57.Tb6 b3 58.Tb5 1-0

[Event "Mtel Masters"]
[Site "Sofia BUL"]
[Date "2005.05.12"]
[Round "1"]
[White "Anand, Viswanathan"]
[Black "Topalov, Veselin"]
[Result "1/2-1/2"]
[WhiteElo "2785"]
[BlackElo "2778"]
[EventDate "2005.05.12"]

1.e4 c5 2.Cf3 d6 3.d4 cxd4 4.Cxd4 Cf6 5.Cc3 a6 6.Fe3 e6 7.f3 b5 8.g4 h6 9.
Dd2 b4 10.Ca4 Cbd7 11.O-O-O Ce5 12.b3 Fd7 13.Cb2 d5 14.Ff4 Cxf3 15.Cxf3 
Cxe4 16.Dd4 f6 17.Fd3 Fc5 18.Fxe4 Fxd4 19.Fg6+ Rf8 20.Txd4 a5 21.Te1 Fe8 
22.Ch4 e5 23.Td2 a4 24.bxa4 Rg8 25.Fg3 d4 26.Td3 h5 27.Fxe8 Dxe8 28.g5 Tc8
29.g6 Th6 30.Txd4 Txg6 31.Cxg6 Dxg6 32.Td2 Tc3 33.Ted1 Rh7 34.Rb1 Df5 35.
Fe1 Ta3 36.Td6 Th3 37.a5 Txh2 38.Tc1 De4 39.a6 Da8 40.Fxb4 h4 41.Fc5 h3 
42.Cd3 Td2 43.Tb6 h2 44.Cf2 Dd5 45.Fe3 Te2 46.Tb3 f5 47.a7 Txe3 48.Txe3 
Db7+ 49.Tb3 Dxa7 50.Ch1 f4 51.c4 e4 52.c5 e3 53.c6 e2 54.c7 Dxc7 55.Txc7 
e1=D+ 56.Tc1 De4+ 57.Ra1 Dd4+ 58.Rb1 De4+ 59.Ra1 Dd4+ 60.Rb1 De4+ 1/2-1/2

[Event "Mtel Masters"]
[Site "Sofia BUL"]
[Date "2005.05.13"]
[Round "2"]
[White "Topalov, Veselin"]
[Black "Adams, Michael"]
[Result "1/2-1/2"]
[WhiteElo "2778"]
[BlackElo "2737"]
[EventDate "2005.05.12"]

1.e4 e5 2.Cf3 Cc6 3.Fb5 a6 4.Fa4 Cf6 5.O-O Fe7 6.Te1 b5 7.Fb3 O-O 8.h3 Fb7
9.d3 Te8 10.a4 d6 11.Fd2 b4 12.c3 d5 13.exd5 Cxd5 14.Cxe5 Cxe5 15.Txe5 Ff6
16.Txe8+ Dxe8 17.cxb4 Fxb2 18.Ta2 Fe5 19.Tc2 Fd6 20.Df3 De5 21.g3 Tb8 22.
De4 Dh5 23.Dg4 De5 24.De4 Dh5 25.Dg4 De5 26.De4 1/2-1/2

[Event "Mtel Masters"]
[Site "Sofia BUL"]
[Date "2005.05.14"]
[Round "3"]
[White "Polgar, Judit"]
[Black "Topalov, Veselin"]
[Result "1/2-1/2"]
[WhiteElo "2732"]
[BlackElo "2778"]
[EventDate "2005.05.12"]

1.e4 e5 2.Cf3 Cc6 3.Fb5 Cf6 4.O-O Cxe4 5.d4 Cd6 6.Fxc6 dxc6 7.dxe5 Cf5 8.
Dxd8+ Rxd8 9.Cc3 Ce7 10.h3 Cg6 11.Fg5+ Re8 12.Tad1 Fd7 13.Td2 Fe6 14.Tfd1 
Fe7 15.Fe3 a6 16.Ce2 Td8 17.Txd8+ Fxd8 18.b3 Fe7 19.c4 h5 20.Cfd4 Fc8 21.
f4 h4 22.Cc3 Th5 23.Ce4 c5 24.Ce2 b6 25.C2c3 Fb7 26.Cd5 Fxd5 27.cxd5 Cxe5 
28.fxe5 Txe5 29.d6 cxd6 30.Cxd6+ Fxd6 31.Ff4 Re7 32.Fxe5 Fxe5 33.Td5 f6 
34.Rf1 g5 35.a4 Fd6 36.Re2 Rd7 37.Re3 Rc6 38.Re4 b5 39.axb5+ axb5 40.Td1 
Fe5 41.Td8 c4 42.bxc4 bxc4 43.Tc8+ Rb5 44.Rd5 c3 45.Tc4 Rb6 46.Tc5 Rb7 47.
Tc6 Fd4 48.Rd6 Fe5+ 49.Rc5 Ff4 50.Rd5 Fe5 51.Rc5 Ff4 52.Rb5 Fd2 53.Tc4 f5 
54.Ra4 g4 55.Rb3 gxh3 56.gxh3 f4 57.Tc5 Rb6 58.Th5 Fe1 59.Tf5 Fd2 60.Th5 
Fe1 1/2-1/2

[Event "Mtel Masters"]
[Site "Sofia BUL"]
[Date "2005.05.15"]
[Round "4"]
[White "Topalov, Veselin"]
[Black "Kramnik, Vladimir"]
[Result "1/2-1/2"]
[WhiteElo "2778"]
[BlackElo "2753"]
[EventDate "2005.05.12"]

1.e4 e5 2.Cf3 Cf6 3.Cxe5 d6 4.Cf3 Cxe4 5.Cc3 Cxc3 6.dxc3 Fe7 7.Fe3 Cc6 8.
Dd2 O-O 9.O-O-O Ce5 10.h4 Fg4 11.Fe2 Dc8 12.b3 Te8 13.Rb1 Ff8 14.h5 a6 15.
Tde1 b5 16.Th4 Fe7 17.Thh1 Ff8 18.Ff4 Cd7 19.Cg5 Fxe2 20.Txe2 Cf6 21.Txe8 
Dxe8 22.h6 gxh6 23.Cf3 Ce4 24.De3 Fg7 25.Cd4 c5 26.Ce2 Cxc3+ 27.Cxc3 Dxe3 
28.fxe3 Fxc3 29.Fxd6 Tc8 30.Rc1 Tc6 31.Ff4 Rg7 32.Rd1 c4 33.Re2 Ff6 34.
Fxh6+ Rg6 35.Rf3 cxb3 36.cxb3 Tc2 37.a4 bxa4 38.bxa4 Ta2 39.Ff8 Fg5 40.Tb1
Txa4 41.Tb6+ f6 42.Tb7 Fh6 43.Fxh6 Rxh6 44.e4 Rg6 45.g4 Ta1 46.Rf4 a5 47.
Tb6 a4 48.e5 a3 49.Txf6+ Rg7 50.Rg5 a2 51.Tf2 Te1 52.Txa2 Txe5+ 1/2-1/2

[Event "Mtel Masters"]
[Site "Sofia BUL"]
[Date "2005.05.16"]
[Round "5"]
[White "Ponomariov, Ruslan"]
[Black "Topalov, Veselin"]
[Result "1-0"]
[WhiteElo "2695"]
[BlackElo "2778"]
[EventDate "2005.05.12"]

1.d4 Cf6 2.c4 e6 3.Cf3 d5 4.g3 Fb4+ 5.Fd2 Fe7 6.Fg2 O-O 7.O-O c6 8.Ff4 b6 
9.Cc3 Fa6 10.cxd5 cxd5 11.Tc1 Cc6 12.Cxd5 Dxd5 13.Ce5 Cxd4 14.Fxd5 Cxe2+ 
15.Dxe2 Fxe2 16.Fxa8 Txa8 17.Tfe1 Fb5 18.Tc2 Cd5 19.Tec1 Fc5 20.Fd2 f6 21.
b4 Ff8 22.Cg4 Td8 23.Tc8 Td7 24.Ch6+ gxh6 25.Fxh6 Tf7 26.Td8 Ce7 27.Tc7 
Cg6 28.Tcc8 e5 29.f4 Fd7 30.Ta8 Fh3 31.Rf2 b5 32.Tdb8 exf4 33.gxf4 Fd7 34.
h4 Fc6 35.h5 Fxa8 36.hxg6 hxg6 37.Txa8 f5 38.Rg3 a6 39.Rh4 Tg7 40.Rg5 1-0

[Event "Mtel Masters"]
[Site "Sofia BUL"]
[Date "2005.05.18"]
[Round "6"]
[White "Topalov, Veselin"]
[Black "Anand, Viswanathan"]
[Result "1-0"]
[WhiteElo "2778"]
[BlackElo "2785"]
[EventDate "2005.05.12"]

1.d4 Cf6 2.c4 e6 3.Cf3 b6 4.g3 Fa6 5.b3 Fb4+ 6.Fd2 Fe7 7.Cc3 c6 8.e4 d5 9.
Dc2 dxe4 10.Cxe4 Fb7 11.Ceg5 c5 12.d5 exd5 13.cxd5 h6 14.Cxf7 Rxf7 15.
O-O-O Fd6 16.Ch4 Fc8 17.Te1 Ca6 18.Te6 Cb4 19.Fxb4 cxb4 20.Fc4 b5 21.Fxb5 
Fe7 22.Cg6 Cxd5 23.Txe7+ Cxe7 24.Fc4+ Rf6 25.Cxh8 Dd4 26.Td1 Da1+ 27.Rd2 
Dd4+ 28.Re1 De5+ 29.De2 Dxe2+ 30.Rxe2 Cf5 31.Cf7 a5 32.g4 Ch4 33.h3 Ta7 
34.Td6+ Re7 35.Tb6 Tc7 36.Ce5 Cg2 37.Cg6+ Rd8 38.Rf1 Fb7 39.Txb7 Txb7 40.
Rxg2 Td7 41.Cf8 Td2 42.Ce6+ Re7 43.Cxg7 Txa2 44.Cf5+ Rf6 45.Cxh6 Tc2 46.
Ff7 Tc3 47.f4 a4 48.bxa4 b3 49.g5+ Rg7 50.f5 b2 51.f6+ Rh7 52.Cf5 1-0

[Event "Mtel Masters"]
[Site "Sofia BUL"]
[Date "2005.05.19"]
[Round "7"]
[White "Adams, Michael"]
[Black "Topalov, Veselin"]
[Result "0-1"]
[WhiteElo "2737"]
[BlackElo "2778"]
[EventDate "2005.05.12"]

1.e4 c5 2.Cf3 d6 3.d4 cxd4 4.Cxd4 Cf6 5.Cc3 a6 6.g3 e5 7.Cb3 Cbd7 8.Fg2 b5
9.O-O Fe7 10.a4 b4 11.Ca2 a5 12.c3 bxc3 13.Cxc3 Cb6 14.Cb5 O-O 15.Fd2 Cc4 
16.Fc3 Fe6 17.Te1 Db8 18.Cd2 Tc8 19.b3 Cxd2 20.Dxd2 Cd7 21.Teb1 Cc5 22.Dd1
Ta6 23.b4 axb4 24.Fxb4 Da8 25.Cc3 Fd8 26.Ff1 Ta7 27.Cb5 Td7 28.Cxd6 Tc6 
29.Fxc5 Txc5 30.Fb5 Tdc7 31.a5 g6 32.a6 Fg5 33.h4 Fe7 34.Ce8 Ta7 35.Dd2 
Txb5 36.Txb5 Dxe8 37.Tb7 Fc5 38.Ta5 Dc8 39.Txa7 Fxa7 40.Rh2 Dc7 41.Rg2 h5 
42.Ta1 Dc4 43.De1 Dd3 44.Ta5 Fg4 45.Rh2 Rh7 46.Ta2 Ff3 47.Ta5 Dc2 48.Rg1 
Rg7 49.Td5 Fxe4 50.Td2 Dc4 51.Rh2 Dc3 52.De2 Fd4 53.Ta2 Fa8 54.Dd1 Dc4 0-1

[Event "Mtel Masters"]
[Site "Sofia BUL"]
[Date "2005.05.20"]
[Round "8"]
[White "Topalov, Veselin"]
[Black "Polgar, Judit"]
[Result "1/2-1/2"]
[WhiteElo "2778"]
[BlackElo "2732"]
[EventDate "2005.05.12"]

1.e4 c5 2.Cf3 e6 3.d4 cxd4 4.Cxd4 Cc6 5.Cc3 Dc7 6.Fe3 a6 7.Dd2 Cf6 8.O-O-O
Fb4 9.f3 Ce7 10.Cde2 b5 11.Rb1 Fa5 12.Dd4 Cc6 13.Dc5 Fb4 14.Dg5 O-O 15.Dg3
Ce5 16.h4 Fb7 17.h5 Ce8 18.a3 Fd6 19.Ff4 f6 20.Ca2 Tc8 21.Cec3 Fc6 22.Fe2 
a5 23.h6 g6 24.Txd6 Dxd6 25.Cxb5 Fxb5 26.Fxb5 Cc7 27.Fe2 Tb8 28.a4 Dd4 29.
b3 d6 30.Fc1 Dxa4 31.Fb2 De8 32.f4 Cc6 33.Td1 a4 34.f5 axb3 35.cxb3 Ce5 
36.Txd6 De7 37.fxg6 hxg6 38.Cc1 Rh7 39.Fxe5 fxe5 40.Dxe5 Tbd8 41.Tc6 Tf7 
42.Cd3 Tb8 43.Rb2 Dd8 44.b4 Tb7 45.Tc2 Ca6 46.Rb3 Tfd7 47.Tc3 Td6 48.Cc5 
Cxc5+ 49.Txc5 Ta7 50.Ta5 Tc7 51.Tc5 Ta7 52.Ta5 Tad7 53.Tc5 Td2 54.Fc4 Txg2
55.Fxe6 Te7 56.Dc3 Da8 57.Ta5 Dxe4 58.Fd5 Db1+ 59.Ra3 Tg1 60.Fg8+ Rxg8 61.
Ta8+ Rf7 62.Dc4+ Te6 63.Ta7+ Rf6 64.Df4+ Df5 65.Dd4+ De5 66.Df2+ Df5 67.
Dd4+ De5 68.Df2+ 1/2-1/2

[Event "Mtel Masters"]
[Site "Sofia BUL"]
[Date "2005.05.21"]
[Round "9"]
[White "Topalov, Veselin"]
[Black "Ponomariov, Ruslan"]
[Result "1-0"]
[WhiteElo "2778"]
[BlackElo "2695"]
[EventDate "2005.05.12"]

1.d4 Cf6 2.c4 e6 3.Cf3 b6 4.g3 Fa6 5.b3 Fb4+ 6.Fd2 Fe7 7.Cc3 O-O 8.Tc1 c6 
9.e4 d5 10.e5 Ce4 11.Fd3 Cxc3 12.Txc3 c5 13.dxc5 bxc5 14.h4 h6 15.Fb1 f5 
16.exf6 Fxf6 17.Dc2 d4 18.Cg5 hxg5 19.hxg5 dxc3 20.Ff4 Rf7 21.Dg6+ Re7 22.
gxf6+ Txf6 23.Dxg7+ Tf7 24.Fg5+ Rd6 25.Dxf7 Dxg5 26.Th7 De5+ 27.Rf1 Rc6 
28.De8+ Rb6 29.Dd8+ Rc6 30.Fe4+ 1-0

[Event "Mtel Masters"]
[Site "Sofia BUL"]
[Date "2005.05.22"]
[Round "10"]
[White "Kramnik, Vladimir"]
[Black "Topalov, Veselin"]
[Result "0-1"]
[WhiteElo "2753"]
[BlackElo "2778"]
[EventDate "2005.05.12"]

1.e4 c5 2.Cf3 d6 3.d4 cxd4 4.Cxd4 Cf6 5.Cc3 a6 6.Fe3 e6 7.f3 b5 8.Dd2 b4 
9.Cce2 e5 10.Cb3 Cc6 11.c4 Fe7 12.Cg3 g6 13.Fd3 Cd7 14.Td1 O-O 15.Df2 a5 
16.O-O a4 17.Cc1 Cc5 18.Fb1 Dc7 19.Cce2 Fe6 20.Fh6 Tfe8 21.Cf5 Fxc4 22.Ce3
Fa6 23.f4 exf4 24.Fxf4 Ce5 25.Cd5 Da7 26.Fxe5 dxe5 27.Rh1 Fg5 28.Cxb4 Fc4 
29.Tfe1 Db7 30.Cd5 Dxb2 31.Cc7 Ce6 32.Cxe8 Txe8 33.Tf1 Tf8 34.Cc1 Dxb1 0-1

[Event "XXIX Vicente Bonil"]
[Site "Albox ESP"]
[Date "2005.06.04"]
[Round "2"]
[White "Topalov, Veselin"]
[Black "Panelo, Marcelo"]
[Result "1-0"]
[WhiteElo "2778"]
[BlackElo "2388"]
[EventDate "2005.06.04"]

1.Cf3 Cf6 2.c4 e6 3.Cc3 d5 4.d4 Fe7 5.Fg5 h6 6.Fh4 O-O 7.e3 Ce4 8.Fxe7 
Dxe7 9.Tc1 c6 10.a3 Cd7 11.Dc2 Cxc3 12.Dxc3 dxc4 13.Dxc4 e5 14.Fe2 exd4 
15.Cxd4 Ce5 16.Dc5 Dg5 17.g3 Df6 18.f4 Cg4 19.e4 b6 20.Dc3 c5 21.Cb5 Dc6 
22.Df3 Td8 23.O-O Fa6 24.a4 Cf6 25.e5 Cd5 26.Fd3 Fxb5 27.axb5 De6 28.Fc4 
Td7 29.Tce1 g6 30.g4 Tad8 31.f5 De8 32.e6 fxe6 33.Txe6 1-0

[Event "XXIX Vicente Bonil"]
[Site "Albox ESP"]
[Date "2005.06.04"]
[Round "3"]
[White "Moreno Carnero, Javier"]
[Black "Topalov, Veselin"]
[Result "1/2-1/2"]
[WhiteElo "2500"]
[BlackElo "2778"]
[EventDate "2005.06.04"]

1.e4 e5 2.Cf3 Cc6 3.Fb5 Cf6 4.O-O Cxe4 5.d4 Cd6 6.dxe5 Cxb5 7.a4 Cbd4 8.
Cxd4 d5 9.exd6 Cxd4 10.Dxd4 Dxd6 11.De4+ De6 12.Dd4 Fd6 13.Dxg7 Fe5 14.Dg5
f6 15.Dh5+ Df7 16.Dxf7+ Rxf7 17.Cd2 Ff5 18.Cc4 Fxc2 19.Cxe5+ fxe5 20.Fd2 
Thd8 21.Fc3 e4 22.a5 c5 23.Tfe1 b5 24.axb6 axb6 25.Tac1 Fd3 26.Te3 Td7 27.
f3 Te8 28.Tce1 Tde7 29.fxe4 Txe4 30.Tf3+ Rg8 31.Tg3+ Rf8 32.Tf3+ Rg8 33.
Tg3+ 1/2-1/2

[Event "XXIX Vicente Bonil"]
[Site "Albox ESP"]
[Date "2005.06.04"]
[Round "5"]
[White "Krivoshey, Sergei"]
[Black "Topalov, Veselin"]
[Result "1-0"]
[WhiteElo "2493"]
[BlackElo "2778"]
[EventDate "2005.06.04"]

1.Cf3 c5 2.c4 g6 3.g3 Fg7 4.Fg2 Cc6 5.Cc3 Ch6 6.h4 d6 7.h5 Fg4 8.d3 Dd7 9.
Cg5 Fxh5 10.f3 f6 11.Ch3 e5 12.Cf2 f5 13.Fxh6 Fxh6 14.g4 Tg8 15.Cd5 Df7 
16.gxh5 gxh5 17.Fh3 Tg3 18.e3 Rf8 19.De2 Te8 20.Rd1 b5 21.Rc2 bxc4 22.dxc4
f4 23.Ce4 fxe3 24.Cxg3 Cd4+ 25.Rd3 Cxe2 26.Rxe2 Db7 27.b3 Da6 28.Ce4 Da3 
29.Thb1 Td8 30.Rd3 h4 31.Fe6 Te8 32.Fd7 Td8 33.Fa4 a6 34.Rc2 Tb8 35.Tg1 
Tb4 36.Cec3 Fg7 37.Tae1 e4 38.fxe4 e2 39.Txe2 Fd4 40.Tf1+ Rg7 41.Tg2+ Rh6 
42.Ce7 1-0

[Event "It"]
[Site "Dos Hermanas ESP"]
[Date "1997.04.04"]
[Round "3"]
[White "Topalov, Veselin"]
[Black "Anand, Viswanathan"]
[Result "1/2-1/2"]
[WhiteElo "2745"]
[BlackElo "2745"]
[EventDate "1997.??.??"]

1.Cf3 d5 2.d4 Cf6 3.c4 c6 4.Cc3 dxc4 5.a4 Ff5 6.Ce5 e6 7.f3 Fb4 8.e4 Fxe4 
9.fxe4 Cxe4 10.Fd2 Dxd4 11.Cxe4 Dxe4+ 12.De2 Fxd2+ 13.Rxd2 Dd5+ 14.Rc2 Ca6
15.Cxc4 b5 16.axb5 Cb4+ 17.Rc3 cxb5 18.Td1 bxc4 19.Txd5 Cxd5+ 20.Rc2 O-O 
21.De4 Tfc8 22.h4 Tc5 23.Th3 Tac8 24.Ta3 a5 25.Rc1 h5 26.Dd4 c3 1/2-1/2

[Event "Hoogovens"]
[Site "Wijk aan Zee NED"]
[Date "1999.01.31"]
[Round "13"]
[White "Anand, Viswanathan"]
[Black "Topalov, Veselin"]
[Result "1-0"]
[WhiteElo "2784"]
[BlackElo "2700"]
[EventDate "1999.??.??"]

1.e4 c5 2.Cf3 d6 3.d4 cxd4 4.Cxd4 Cf6 5.Cc3 a6 6.f3 b5 7.a4 b4 8.Cd5 Cxd5 
9.exd5 g6 10.Fe3 Fb7 11.Fc4 Dc7 12.Fb3 Cd7 13.Dd2 Cf6 14.Ce2 a5 15.O-O-O 
Tc8 16.Cd4 Fg7 17.Cb5 Dd8 18.g4 Cd7 19.Rb1 Cc5 20.h4 h5 21.Fd4 Rf8 22.Thg1
Dd7 23.Fxg7+ Rxg7 24.Cd4 Cxb3 25.cxb3 Rf8 26.Cc2 hxg4 27.fxg4 Txh4 28.Ce3 
e5 29.Df2 De7 30.Th1 Txh1 31.Txh1 Dg5 32.Th7 Tc7 33.Ra2 Fa6 34.Dh2 Fd3 35.
Th8+ Re7 36.Ta8 Df6 37.g5 Dg7 38.Dd2 e4 39.Cg4 Td7 40.Cf6 Td8 41.Dc1 1-0